000 01061nam a2200229Ia 4500
003 Ost
005 20260507075445.0
008 260507s9999||||xx |||||||||||||| ||und||
040 _cfsecg
041 _aara
082 _a310
100 _aطبيه، احمد عبد السميع
_eمؤلف
245 0 _aمبادئ الاحصاء /
_c احمد عبد السميع طبيه
260 _aعمان:
_bدار البداية,
_c2008
300 _a271 صفحة؛
_bإيضاحات ؛
_c24 سم
504 _aببليوغرافيا: ص.297
520 _aجمع البيانات وعرضها، مقاييس النزعة المركزية، مقاييس التشتت، مقاييس التفرطح والالتواء، التوزيع الطبيعي، الارتباط والانحدار، الأرقام القياسية، الاحصاءات السكانية والحيوية، السلاسل الزمنية، الاحتمالات
653 _aالاحتمالات
653 _aالاحصاء
653 _aالارقام القياسية
942 _cكتاب
999 _c44577
_d44577